Poistno-štatistické metódy v penzijných plánoch

Princíp penzijných plánov. Typy financovania penzijných plánov. Poistno-štatistické metódy. Finančné krízy penzijných systémov.

Na minha lista:
Detalhes bibliográficos
Autor principal: Škrovánková, Petra, 1981-
Outros Autores: Ulbrichtová, Andrea
Formato: Capítulo de Livro
Idioma:eslovaco
Assuntos:
Tags: Adicionar Tag
Sem tags, seja o primeiro a adicionar uma tag!

MARC

LEADER 00000naa$a2200000$$$4500
001 0060713
005 20240502071656.1
041 0 |a slo 
044 |a SK 
245 1 0 |a Poistno-štatistické metódy v penzijných plánoch  |c Petra Škrovánková, Andrea Ulbrichtová 
520 |a Princíp penzijných plánov. Typy financovania penzijných plánov. Poistno-štatistické metódy. Finančné krízy penzijných systémov. 
610 2 0 |a metódy štatistické 
610 2 0 |a plán 
610 2 0 |a systémy dôchodkové 
610 2 0 |a kríza finančná 
610 2 0 |a sporenie obyvateľstva 
610 2 0 |a poistenie dôchodkové 
610 2 0 |a matematika poistná 
100 1 |a Škrovánková, Petra, 1981- 
700 1 |a Ulbrichtová, Andrea